| 000 | 00578cab a2200205 4500 | ||
|---|---|---|---|
| 001 | X85 | ||
| 008 | 090401t xxu||||| |||| 00| 0 eng d | ||
| 035 | _a(Sirsi) u45054 | ||
| 041 | _aeng | ||
| 100 | _aLineham, G. | ||
| 245 | _aInstitutionally acceptable properties | ||
| 260 | _c2(3) Winter 1991/92, 313-317(6) | ||
| 350 | _a0 | ||
| 490 |
_aJournal of Property Finance _v2(3) Winter 1991/92, 313-317(6) |
||
| 650 | _aFINANCIAL INSTITUTIONS | ||
| 650 | _aINSTITUTIONAL INVESTMENT | ||
| 690 | _aPROPERTY-PROPERTY FINANCE AND INVESTMENT | ||
| 942 | _n0 | ||
| 948 | _c04/03/1997 | ||
| 999 |
_c28644 _d28644 |
||